Corpi fuori controllo : violenza omofoba ed eteronormatività a Malindi /
Uloženo v:
| Hlavní autor: | |
|---|---|
| Médium: | Kniha |
| Jazyk: | italština |
| Vydáno: |
Milano ; Udine :
Mimesis,
2019
|
| Edice: | Mimesis. LGBT ;
24 |
| Témata: | |
| Tagy: |
Žádné tagy, Buďte první, kdo vytvoří štítek k tomuto záznamu!
|
MARC
| LEADER | 00000nam a2200000 i 4500 | ||
|---|---|---|---|
| 001 | IT\ICCU\UTO\1331025 | ||
| 003 | ItRI | ||
| 005 | 20260124121933.0 | ||
| 008 | 190903s2019 it |||||| ||||| |||||c | ||
| 015 | |2 IT |a 2019-8115 | ||
| 020 | |a 9788857556758 | ||
| 040 | |b ita |c ct | ||
| 041 | 7 | |a ita |2 ISO-639-2 | |
| 082 | |a 306.76609676235 |2 23 | ||
| 100 | 1 | |a Viola, Lia |0 IT\ICCU\MILV\345849 | |
| 240 | 1 | 0 | |a Corpi fuori controllo |9 Viola, Lia |
| 245 | 1 | 0 | |a Corpi fuori controllo : |b violenza omofoba ed eteronormatività a Malindi / |c Lia Viola. |
| 260 | |a Milano ; |a Udine : |b Mimesis, |c 2019 | ||
| 300 | |a 184 p. ; |c 21 cm | ||
| 650 | 7 | |a Omofobia |x Malindi |x Antropologia culturale |2 nsbncf | |
| 830 | 0 | |a Mimesis. LGBT ; |v 24 |0 IT\ICCU\UBO\3672838 | |
| 942 | |2 ddc |c BK | ||
| 952 | |0 0 |1 0 |2 ddc |4 0 |6 B_SSP03VIOLICOR11 |7 0 |9 9247 |a MI |b MI |d 2021-06-18 |i 6725 |l 0 |n 6725 |o B-SSP03-VIOLI-COR11 |p CDOM6725 |r 2025-07-17 21:50:49 |w 2025-07-17 |y BK | ||
| 952 | |0 0 |1 0 |4 0 |6 DOC_306_766000000000000_VIO |7 0 |9 20153 |a BO |b BO |d 2026-01-15 |i 19216 |l 0 |o DOC 306.766 VIO |p BO19216 |r 2026-01-15 23:21:15 |w 2026-01-15 |x [Sebina 5] [1 v.] |y BK |z 1 v. | ||
| 999 | |c 7711 |d 7711 | ||